• 首页
  • 本馆介绍
  • 公告通知
  • 最新文献
  • 馆藏检索
  • 电子资源
  • 读者导购
  • 参考咨询
  • 我的图书馆
  • 登录
  • 详细信息显示
  • 放入我的书架
  • 预约/预借图书
  • 作者相关作品
  • 分类相关作品
  • 丛书相关作品
  • 出版社相关作品

书目信息

  • 表格格式
  • 工作单格式
  • 卡片格式
题名:
中国近代思想家文库
    
 
作者: 戴逸 , 翁贺凯 主编
分册:   张君劢卷
出版信息: 北京   中国人民大学出版社  2014.7
页数: 13,532页
开本: 23cm
丛书名:
单 册:
中图分类: B250.5
科图分类:
主题词: 思想史--Si Xiang Shi--研究--中国--近代 , 研究--Yan Jiu , 中国--Zhong Guo
电子资源:
ISBN: 978-7-300-19706-7
000 01644nam0 22003251 450
001 350898
005 20161017162958.84
010    @a978-7-300-19706-7@dCNY84.00
100    @a20140902d2014 em y0chiy50 ea
101 0  @achi
102    @aCN@b110000
105    @ay a 000yy
106    @ar
200 1  @a中国近代思想家文库@AZhong Guo Jin Dai Si Xiang Jia Wen Ku@i张君劢卷@f翁贺凯编
210    @a北京@c中国人民大学出版社@d2014.7
215    @a13,532页@d23cm
300    @a国家出版基金项目
314    @a书内题: 戴逸主编
320    @a有书目
330    @a本书选录了张君劢在1949年之前的最具代表性的论著,着力展现了张君劢关于如何将中国建设成为一个现代民族国家(nation-building)的整体性的思考:他一方面强调国家基本政治制度建设对于民族建国的关键意义,另一方面也强调社会主义、社会公道对于民族国家一体化的意义,同时也高度重视固有民族文化、民族性对于民族国家认同与精神融合的意义。进而言之,张君劢在国家政治制度建设上的基本立场是“宪政民主”;在此基础上,他的社会主义思想是一种“民主社会主义”;而他关于民族文化和民族性的论述,则无疑构成了一种“文化民族主义”的主张——其中不可忽视的是,他自五四时期特别是科玄论战开始,对于启蒙现代性尤其是科学主义流弊的反思与批评,既与其民族建国的总体思想构成了些许暧昧的张力,也开启了其晚年儒家思想复兴论的端绪。
517 1  @a张君劢卷@AZhang Jun Mai Juan
600  0 @a张君劢,@AZhang Jun Mai ,@f1887-1969@x思想评论
606 0  @a思想史@ASi Xiang Shi@x研究@y中国@z近代
606 0  @a研究@AYan Jiu
606 0  @a中国@AZhong Guo
690    @aB250.5@v5
701  0 @a戴逸@ADai Yi@f1926-@4主编
701  0 @a翁贺凯@AWeng He Kai@f1975-@4编
801  0 @aCN@bTANGWEI@c20160808
905    @b0892307-10@dB250.5@e64:11@f4
    
    中国近代思想家文库.张君劢卷/翁贺凯编.-北京:中国人民大学出版社,2014.7
    13,532页;23cm
    国家出版基金项目
    
    ISBN 978-7-300-19706-7:CNY84.00
    本书选录了张君劢在1949年之前的最具代表性的论著,着力展现了张君劢关于如何将中国建设成为一个现代民族国家(nation-building)的整体性的思考:他一方面强调国家基本政治制度建设对于民族建国的关键意义,另一方面也强调社会主义、社会公道对于民族国家一体化的意义,同时也高度重视固有民族文化、民族性对于民族国家认同与精神融合的意义。进而言之,张君劢在国家政治制度建设上的基本立场是“宪政民主”;在此基础上,他的社会主义思想是一种“民主社会主义”;而他关于民族文化和民族性的论述,则无疑构成了一种“文化民族主义”的主张——其中不可忽视的是,他自五四时期特别是科玄论战开始,对于启蒙现代性尤其是科学主义流弊的反思与批评,既与其民族建国的总体思想构成了些许暧昧的张力,也开启了其晚年儒家思想复兴论的端绪。
●
相关链接 在E读中查询图书 在五车中查询图书 在当当中查询图书 在豆瓣中查询图书


正题名:中国近代思想家文库     索取号:B250.5/64:11         预约/预借

序号 登录号 条形码 馆藏地/架位号 状态 备注
1 0892307   208923076   第一样本阅览室/ [索取号:B250.5/64:11] 在馆    
2 0892308   208923085   第一借阅区/ [索取号:B250.5/64:11] 在馆    
3 0892309   208923094   第一借阅区/ [索取号:B250.5/64:11] 在馆    
4 0892310   208923101   第一借阅区/ [索取号:B250.5/64:11] 在馆    
唐山师范学院图书馆 欢迎您!
大连网信软件有限公司© 版权所有